Statistiques concernant 15 principaux pays touchés par Covid-19 - 25 avr 2021

Cliquez ici pour prendre le quiz!

Statistiques générales

  • Ce quiz a été pris 32 fois
  • Le résultat moyen est 16 sur 28

Statistiques - réponses

pays% Correct
France
100%
Allemagne
92%
Brésil
92%
Espagne
92%
Etats-Unis
92%
Italie
92%
Mexique
88%
Inde
84%
Argentine
80%
Belgique
80%
Portugal
80%
Royaume-Uni
80%
Russie
72%
Pays-Bas
56%
Pologne
56%
Suède
48%
Colombie
44%
Turquie
44%
Hongrie
40%
Iran
40%
Tchèquie
36%
Estonie
20%
Slovénie
20%
Lituanie
16%
Croatie
12%
Israël
12%
Panama
12%
Bahreïn
0%

Distribution des résultats

Percentile par nombre de réponses

% des personnes avec chaque résultat

Votre développement - résultats

Vous n’avez pas pris ce quiz